Draw all US and Canada State, Province and Territory Borders - Statistics

General Stats
  • This quiz has been taken 12,494 times
  • The average score is 143 of 205
Answers on the Map
Answers color-coded by a green-red scale on the quiz's map according to % correct below.
 
Answer Stats
Borders % Correct
British Columbia Washington
85%
Alaska Yukon Territory
82%
British Columbia Idaho
81%
Alaska Pacific Ocean
80%
Alberta British Columbia
80%
Alberta Montana
80%
British Columbia Montana
80%
British Columbia Pacific Ocean
80%
Oregon Washington
80%
California Nevada
79%
California Oregon
79%
California Pacific Ocean
79%
Oregon Pacific Ocean
79%
Pacific Ocean Washington
79%
Arizona California
78%
British Columbia Yukon Territory
78%
Gulf of Mexico Texas
78%
Idaho Washington
78%
New Mexico Texas
78%
Ontario Quebec
78%
Arizona New Mexico
77%
Idaho Montana
77%
Idaho Oregon
77%
Montana Saskatchewan
77%
Alberta Saskatchewan
76%
Arizona Nevada
76%
Atlantic Ocean Florida
76%
Florida Georgia
76%
Louisiana Texas
76%
Manitoba North Dakota
76%
Mexico Texas
76%
Montana North Dakota
76%
Nevada Oregon
76%
Nevada Utah
76%
North Dakota Saskatchewan
76%
North Dakota South Dakota
76%
Oklahoma Texas
76%
Alabama Mississippi
75%
Alaska Arctic Ocean
75%
Arizona Utah
75%
Atlantic Ocean Georgia
75%
California Mexico
75%
Colorado New Mexico
75%
Colorado Utah
75%
Florida Gulf of Mexico
75%
Gulf of Mexico Louisiana
75%
Idaho Nevada
75%
Idaho Utah
75%
Idaho Wyoming
75%
Lake Ontario New York
75%
Manitoba Minnesota
75%
Manitoba Ontario
75%
Manitoba Saskatchewan
75%
Minnesota Ontario
75%
Montana Wyoming
75%
Northwest Territories Yukon Territory
75%
Alabama Florida
74%
Alabama Georgia
74%
Alabama Gulf of Mexico
74%
Alberta Northwest Territories
74%
Arizona Mexico
74%
Atlantic Ocean Maine
74%
Atlantic Ocean North Carolina
74%
Atlantic Ocean South Carolina
74%
British Columbia Northwest Territories
74%
Colorado Wyoming
74%
Gulf of Mexico Mississippi
74%
Lake Michigan Wisconsin
74%
Louisiana Mississippi
74%
Mexico New Mexico
74%
Minnesota North Dakota
74%
Minnesota Wisconsin
74%
Montana South Dakota
74%
New York Ontario
74%
Utah Wyoming
74%
Arctic Ocean Yukon Territory
73%
Arkansas Texas
73%
Atlantic Ocean Virginia
73%
Colorado Kansas
73%
Georgia South Carolina
73%
Kansas Oklahoma
73%
Michigan Ontario
73%
Minnesota South Dakota
73%
New York Pennsylvania
73%
North Carolina South Carolina
73%
South Dakota Wyoming
73%
Arkansas Louisiana
72%
Arkansas Mississippi
72%
Arkansas Oklahoma
72%
Colorado Nebraska
72%
Colorado Oklahoma
72%
Illinois Indiana
72%
Illinois Lake Michigan
72%
Indiana Lake Michigan
72%
Indiana Michigan
72%
Indiana Ohio
72%
Kansas Nebraska
72%
Kentucky Tennessee
72%
Maine New Hampshire
72%
Maine Quebec
72%
Michigan Ohio
72%
Michigan Wisconsin
72%
Nebraska South Dakota
72%
Nebraska Wyoming
72%
New Jersey New York
72%
Virginia West Virginia
72%
Alabama Tennessee
71%
Arkansas Missouri
71%
Atlantic Ocean Maryland
71%
Atlantic Ocean New Jersey
71%
Atlantic Ocean New York
71%
Georgia Tennessee
71%
Illinois Iowa
71%
Iowa Minnesota
71%
Iowa Nebraska
71%
Iowa South Dakota
71%
Kansas Missouri
71%
Mississippi Tennessee
71%
New Hampshire Vermont
71%
New York Quebec
71%
New York Vermont
71%
North Carolina Virginia
71%
Northwest Territories Nunavut
71%
Northwest Territories Saskatchewan
71%
Ohio Pennsylvania
71%
Quebec Vermont
71%
Arkansas Tennessee
70%
Atlantic Ocean Massachusetts
70%
Atlantic Ocean Rhode Island
70%
Illinois Missouri
70%
Illinois Wisconsin
70%
Indiana Kentucky
70%
Iowa Missouri
70%
Iowa Wisconsin
70%
New Mexico Oklahoma
70%
North Carolina Tennessee
70%
Atlantic Ocean Delaware
69%
Georgia North Carolina
69%
Illinois Kentucky
69%
Kentucky Missouri
69%
Kentucky Ohio
69%
Kentucky West Virginia
69%
Lake Michigan Michigan
69%
Missouri Nebraska
69%
Missouri Oklahoma
69%
New Hampshire Quebec
69%
Ohio West Virginia
69%
Arctic Ocean Northwest Territories
68%
Arctic Ocean Nunavut
68%
Atlantic Ocean Connecticut
68%
Kentucky Virginia
68%
Lake Superior Minnesota
68%
Manitoba Nunavut
68%
Maryland Virginia
68%
Massachusetts New York
68%
Missouri Tennessee
68%
Pennsylvania West Virginia
68%
Alaska British Columbia
67%
Connecticut New York
67%
Maryland Pennsylvania
67%
Massachusetts New Hampshire
67%
Tennessee Virginia
67%
Atlantic Ocean Newfoundland & Labrador
66%
Atlantic Ocean Quebec
66%
Connecticut Massachusetts
66%
Lake Erie New York
66%
Lake Erie Ohio
66%
Lake Superior Wisconsin
66%
Massachusetts Rhode Island
66%
Massachusetts Vermont
66%
New Jersey Pennsylvania
66%
Atlantic Ocean New Hampshire
65%
Delaware Maryland
65%
Hudson Bay Ontario
65%
Lake Erie Michigan
65%
Lake Erie Pennsylvania
65%
Lake Superior Ontario
65%
Maine New Brunswick
65%
Newfoundland & Labrador Quebec
65%
Connecticut Rhode Island
64%
Lake Erie Ontario
64%
Lake Huron Michigan
64%
Lake Superior Michigan
64%
Hudson Bay Manitoba
63%
Hudson Bay Quebec
63%
Lake Huron Ontario
63%
Hudson Bay Nunavut
62%
Maryland West Virginia
62%
Atlantic Ocean Nova Scotia
61%
Atlantic Ocean New Brunswick
60%
Delaware New Jersey
60%
New Brunswick Quebec
59%
Atlantic Ocean Prince Edward Island
58%
Delaware Pennsylvania
58%
Lake Ontario Ontario
58%
New Brunswick Nova Scotia
51%
Hawaii Pacific Ocean
48%
Arizona Colorado
41%
Manitoba Northwest Territories
41%
Maryland Washington DC
40%
New Mexico Utah
40%
Virginia Washington DC
38%
Nunavut Saskatchewan
30%
Northwest Passages Nunavut
25%
Northwest Passages Quebec
25%
No matching quizzes found
Score Distribution
Percent of People with Each Score
Percentile by Number Answered
Your Score History
You have not taken this quiz